Представление документа в формате MARC21

Поле Инд. ПП Название Значение
Тип записи a
Библиографический уровень b
001 Контрольный номер RU/IS/BASE/284901836
005 Дата корректировки 20200630193237.9
008 Кодируемые данные 20090110
040 b Код языка каталог. rus
e Правила каталог. PSBO
041 0_ a Код языка текста rus
084 a Индекс другой классификации/Индекс ББК 83.3(4Исп)4; 83.2г(2)
100 1_ a Автор Жданова А. В.
245 10 a Заглавие К истории переводов пьес Лопе де Вега в России: восприятие и оценка литературной критикой в XIX веке
504 a Библиография Библиогр. - Примеч.: с. 131
600 14 a Персоналии Лопе де Вега
650 14 a Основная рубрика история литературы
a Основная рубрика литературная критика
a Основная рубрика литературоведение
a Основная рубрика филологические науки
653 0_ a Ключевые слова XIX век
a Ключевые слова XV век
a Ключевые слова XVI век
a Ключевые слова драматургия
a Ключевые слова Испания
a Ключевые слова история литературной критики
a Ключевые слова история литературоведения
a Ключевые слова пьесы
a Ключевые слова Россия
773 08 t Заглавие источника Вестник Московского университета. Серия 9, Филология
d Дата издания источника 2008
g Прочая информация № 3. - С. 132 - 137
w Контрольный № источника RU/IS/BASE/282745557
901 t Тип документа b